Konwar Bidroh (Record no. 4855)

MARC details
000 -LEADER
fixed length control field 00443cam a2200181ua 4500
001 - CONTROL NUMBER
control field 5700
005 - DATE AND TIME OF LATEST TRANSACTION
control field 20260515113926.0
008 - FIXED-LENGTH DATA ELEMENTS--GENERAL INFORMATION
fixed length control field 131008n ii |||gr||||Z||||||asm
040 ## - CATALOGING SOURCE
Transcribing agency MAIN
082 ## - DEWEY DECIMAL CLASSIFICATION NUMBER
Classification number 954.162
100 1# - MAIN ENTRY--PERSONAL NAME
Personal name Bhuyan,Suryya Kumar,
Relator term Author.,
245 ## - TITLE STATEMENT
Title Konwar Bidroh
Statement of responsibility, etc. By Suryya kumar Bhuyan
260 ## - PUBLICATION, DISTRIBUTION, ETC.
Place of publication, distribution, etc. Gauhati:
Name of publisher, distributor, etc. Lawyers Book Stall,
Date of publication, distribution, etc. 1966.
300 ## - PHYSICAL DESCRIPTION
Extent 82p.
653 ## - INDEX TERM--UNCONTROLLED
Uncontrolled term History
653 ## - INDEX TERM--UNCONTROLLED
Uncontrolled term Konwar Bidroh
942 ## - ADDED ENTRY ELEMENTS (KOHA)
Koha item type Books
Holdings
Withdrawn status Lost status Damaged status Not for loan Home library Current library Shelving location Date acquired Total checkouts Full call number Barcode Date last seen Copy number Price effective from Koha item type
        Naharkatiya College Library Naharkatiya College Library General stacks 09/19/2020   954.162 | BHU 9183 09/19/2020 1 09/19/2020 Books